Quizzes
Events
Quiz Creation
Community
Videos
Private Events
Remove Ads
Sign In
Join for FREE
Feedback
Dark Mode
Quiz Categories
Sports
Geography
Music
Movies
Television
Just For Fun
Miscellaneous
History
Literature
Language
Science
Gaming
Entertainment
Religion
Holiday
For Kids
Quiz Lab
Recent
Popular Today
Quiz Kudos Today
Editor Picks
Curator Picks
Quizzes by...
Day
Popularity
Type
Ratings
Length
Year
Community
Subscriptions
Recent Discussions
Orange Saloon
Badges
Playlists
Quests
Create
Leaderboards
Showdown
Live 5
Trivia Bingo
Activity
Puzzle Library
Sporcle Events
Private Events
Virtual Trivia
Globe League
Become a Host
Pub Owners
SporcleCon
Opinionation
Our Games
Videos
Blog
Mobile Apps
Partnerships
Remove Ads and Go Orange
Feedback
Sports
Athletes
MLB
NBA
NHL
NFL
Soccer
Sports Teams
WWE
NCAA
Football
Premier League
Basketball
Baseball
Hockey
Golf
Tennis
Cricket
Rugby
Auto Racing
Olympics
World Cup
Sports
Athletes
MLB
NBA
NHL
NFL
Soccer
Sports Teams
WWE
NCAA
Football
Premier League
Basketball
Baseball
Hockey
Golf
Tennis
Cricket
Rugby
Auto Racing
Olympics
World Cup
Random Quiz
Search Sporcle
×
Quiz Lab
Quiz Lab
Sports
College
Type in answers that appear in a list
Type in answers that appear in a list
Classic
Best Score? Go Orange.
2013 Philadelphia Eagles by College Stats
Can you name the 2013 Philadelphia Eagles Opening Day roster by the college they attended?
By
HurtSquad
5m
58 Questions
450 Plays
450 Plays
450 Plays
Comments
Comments
Give Quiz Kudos
Give Quiz Kudos
-
- Ratings
hide this ad
More Info
Replay
Link that replays current quiz
Next Quiz
Link to next quiz in quiz playlist
You Got
0%
They Got
Avg Score
59%
Avg Friend Score
Upgrade to see
Score Distribution
Jump to the score distribution portion of the page
Score
0/58
Timer
05:00
0
Plays Today
Player
College
% Correct
Matt Barkley
USC
92.7%
Riley Cooper
Florida
92.4%
DeSean Jackson
California
92.2%
Mychal Kendricks
California
92.2%
Michael Vick
Virginia Tech
89.8%
Jason Avant
Michigan
89.3%
Brandon Graham
Michigan
89.3%
Connor Barwin
Cincinnati
89.1%
Brent Celek
Cincinnati
89.1%
Trent Cole
Cincinnati
89.1%
Jason Kelce
Cincinnati
89.1%
Nick Foles
Arizona
88.7%
Patrick Chung
Oregon
88.4%
Jeff Maehl
Oregon
88.4%
Casey Matthews
Oregon
88.4%
LeSean McCoy
Pittsburgh
86.7%
Zach Ertz
Stanford
84.2%
Lane Johnson
Oklahoma
83.6%
Evan Mathis
Alabama
83.6%
DeMeco Ryans
Alabama
83.6%
Damion Square
Alabama
83.6%
Donnie Jones
LSU
78.2%
Bennie Logan
LSU
78.2%
Jeremy Maclin (IR)
Missouri
77.6%
Kurt Coleman
Ohio State
76.2%
Brandon Boykin
Georgia
74.2%
Fletcher Cox
Mississippi State
73.1%
Alex Henery
Nebraska
65.6%
Chris Polk
Washington
64.9%
Player
College
% Correct
Bryce Brown
Kansas State
64%
Jordan Poyer
Oregon State
60.2%
Arrelious Benn (IR)
Illinois
56%
Jason Peters
Arkansas
56%
Nate Allen
South Florida
55.6%
Earl Wolff
NC State
55.1%
Vinny Curry
Marshall
52.2%
Bradley Fletcher
Iowa
52.2%
Matt Tobin
Iowa
52.2%
Julian Vandervelde
Iowa
52.2%
Shaun Prater
Iowa
51.8%
Joe Kruger (IR)
Utah
42.4%
Isaac Sopoaga
Hawaii
33.1%
Najee Goode
West Virginia
31.3%
Clifton Geathers
South Carolina
29.1%
Jake Knott
Iowa State
28.4%
Damaris Johnson
Tulsa
28.2%
Dennis Kelly
Purdue
28%
Todd Herremans
Saginaw Valley State
26.2%
Colt Anderson
Montana
25.8%
Jason Phillips (IR)
TCU
25.8%
James Casey
Rice
25.1%
Phillip Hunt (IR)
Houston
25.1%
Jon Dorenbos
UTEP
23.8%
Curtis Marsh (IR)
Utah State
23.6%
Emil Igwenagu
Massachusetts
11.8%
Cary Williams
Washburn
8.2%
Cedric Thornton
Southern Arkansas
6%
Allen Barbre
Missouri Southern State
2.7%
Quiz Playlist
Details
Report
Send in Message
Add To Playlist
More Info:
IR: Injured reserve
Classic:
Type in answers that appear in a list
Last Updated: Feb 16, 2017
Quiz Scoreboard
CHALLENGE
Sign Up to Join the Scoreboard
Show All
Scores
Hide
Comments
May contain spoilers
Recently Published
College Basketball Coaching Resumes
by pancakes188
Sports
9m
Billboard Blitz: Fleetwood Mac
by CooCooCachoo
Music
15s
Presidents Visiting Landmarks
by Hejman
History
7m
More to Explore
Quiz From the Vault
Featured Blog Post
Where Did the Easter Bunny Come From?
hide this ad
You Might Also Like...
Tags
Athletes Quiz
College Quiz
NFL Quiz
2013
NCAA Football
NFL Player
phila
Philadelphia
Philadelphia Eagles
Philly
Today's Top Quizzes in Sports
Browse Sports
hide this ad
Today's Top Quizzes in College
Browse College
Top Contributed Quizzes in Sports
1
2022 World Cup Stars
2
Les meilleurs buteurs des matchs entre le PSG et l’OM
3
FIFA Club World Cup Champions
4
Les entraîneurs de l'OM et du PSG au 21e siècle
5
Criteria MLB: Left Handed Sluggers
6
AFC Teams Reveal (Wrong Answers Minefield)
7
5-to-1: UK Sports Teams
8
5-to-1: FBS Animal Nicknames
9
2023 MLB Unique Player Accomplishments
10
Name the Premier League winners with different clubs
Explore More
Trending Topics
Marvel
NBA
Disney
Kpop
Anime
Crossword
Harry Potter
Song
NFL
Puzzle
WWE
Pokémon
Country
Soccer
The Office
hide this ad
More By:
HurtSquad
Quiz
Plays
Rating
Category
Featured
Created
2012 Philadelphia Eagles by College
233
Sports
Sep 10, 2012
Philadelphia Eagles Opposing Quarterbacks (2000s)
1,194
4.75
Sports
Dec 13, 2013
Philadelphia Phillies Postseason Home Runs
607
4.71
Sports
Mar 1, 2012
Eagles Opening Day Opposing Quarterbacks Since 1960
588
4.89
Sports
Sep 11, 2013
Philadelphia Eagles Opposing Quarterbacks (2010s)
522
4.67
Sports
Jan 6, 2014
Philadelphia Eagles Playoff Opposing Quarterbacks
499
4.75
Sports
Oct 30, 2013
Go to Creator's Profile
Score Distribution
Quiz Creator Spotlight
HurtSquad
Follow
Send a Message
Quizzes Created
-
Created Quiz Play Count
-
More By This Creator
Popular Quizzes Today
1
Find the US States - No Outlines Minefield
2
Find the Countries of Europe - No Outlines Minefield
3
The Countries of the World
4
Find the US States
5
Risky Map Clicking: Biggest States A-Z
6
US States
7
Popular People in 1961
8
Movies - When Are They Set?
More Sports Quizzes
Odd One Out: MLB 1st Ballot HOF
Published
Trending Quizzes
Risky Map Clicking: Least Populous States A-Z
1-10 Letter G Words
1-10 Letter F Words
Risky Map Clicking: Next State Alphabetically
Risky Map Clicking: Biggest States A-Z
Recently Updated
Leaping Animals
pecheneg
Reality TV Shows (A-Z)
bhenderson79
Rickey Henderson's Hall of Fame Teammates
pecheneg
Champions League XIs: Arsenal
pecheneg
Quick Pick: Celebrities in WWE's Hall of Fame
aduchscher
A-Z Keypad Blitz II
pecheneg
Multiple Oscar Actors
pecheneg
Mystery Phrase Blitz: Oscar 'Best Actors'
pecheneg
F. Scott Fitzgerald Novels
LTH
Pick 3 Villains
ddd62291
Trending Topics
Crossword
Marvel
Kpop
Harry Potter
Anime
Disney
NBA
Pokémon
Country
Puzzle
Soccer
WWE
Song
NFL
The Office
Your Account Isn't Verified!
In order to create a playlist on Sporcle, you need to verify the email address you used during registration. Go to your
Sporcle Settings
to finish the process.
Report this User
Report this user for behavior that violates our
Community Guidelines
.
Details:
Send Report
Go to the Sporcle.com Mobile Site →
Comments